Az uj Kaszinó
Krátky referát o slávnostnom otvorení košického Autonómneho katolíckeho kruhu dňa 9. 04. 1907. Úvodnú reč mal Dr. Augustín (Ágost) Fischer-Colbrie, patrón kruhu. Prednášal Dr. Melichar (Menyhért) Takács o klasicizme 19. storočia vo výtvarnom umení.
| Médium: | Článok |
|---|---|
| Jazyk: | Hungarian |
| Témy: | |
| Zdroj: |
1. Abauj-Kassai Közlöny : Politikai, közgazdasági és vegyes tartalmu lap 1. Roč. 36, č. 42 (12.04.1907) s. 3 |
| LEADER | 01126nab#a2200337#ar4500 | ||
|---|---|---|---|
| 001 | 000078490 | ||
| 003 | SVKKK | ||
| 005 | 20000728xxxxxxx. | ||
| 008 | 06 c xo huno | ||
| FMT | |||
| 038 | |a SVKKK | ||
| 040 | |a SVKKK |b slo |e AACR2 | ||
| 041 | 0 | |a hun | |
| 044 | |a xo |c SK | ||
| 080 | |a 282(Abov):267 | ||
| 080 | |a 282(Abov):271(prem) | ||
| 080 | |a 3/76 | ||
| 242 | 1 | 0 | |a Nové kasíno |
| 245 | 0 | 0 | |a Az uj Kaszinó |
| 500 | |a [Dr 77] | ||
| 520 | 2 | |a Krátky referát o slávnostnom otvorení košického Autonómneho katolíckeho kruhu dňa 9. 04. 1907. Úvodnú reč mal Dr. Augustín (Ágost) Fischer-Colbrie, patrón kruhu. Prednášal Dr. Melichar (Menyhért) Takács o klasicizme 19. storočia vo výtvarnom umení. | |
| 650 | 0 | 4 | |a Autonómny katolícky kruh, Košice - otvorenie slávnostné - Košice - 9.04.1907 - referáty |
| 773 | 0 | |t Abauj-Kassai Közlöny : Politikai, közgazdasági és vegyes tartalmu lap |g Roč. 36, č. 42 (12.04.1907) s. 3 | |
| 957 | |a Košice | ||
| 958 | |a CI | ||
| 958 | |a DG | ||
| 958 | |a SK | ||
| 974 | |a Ba |d 20000728 | ||
| 992 | |a RBX | ||
| BAS | |||
| 998 | |a RETRO | ||